IMF Research Bulletin, March 2013.

The Research Summaries in the March 2013 Research Bulletinadiscuss "Trade Finance and Its Role in the Great Trade Collapse" (JaeBin Ahn) and "Sovereign Debt: How to Track Who Is Buying and Selling It" (Serkan Arslanalp and Takahiro Tsuda). The Q and A looks at "Seven Questio...

Ful tanımlama

Detaylı Bibliyografya
Müşterek Yazar: International Monetary Fund. Research Dept
Materyal Türü: Dergi
Dil:English
Baskı/Yayın Bilgisi: Washington, D.C. : International Monetary Fund, 2013.
Seri Bilgileri:IMF Research Bulletin; IMF Research Bulletin ; No. 2013/001
Online Erişim:Full text available on IMF
LEADER 01695cas a2200241 a 4500
001 AALejournalIMF013446
008 230101c9999 xx r poo 0 0eng d
020 |c 5.00 USD 
020 |z 9781484395660 
022 |a 1020-8313 
040 |a BD-DhAAL  |c BD-DhAAL 
110 2 |a International Monetary Fund.  |b Research Dept. 
245 1 0 |a IMF Research Bulletin, March 2013. 
264 1 |a Washington, D.C. :  |b International Monetary Fund,  |c 2013. 
300 |a 1 online resource (15 pages) 
490 1 |a IMF Research Bulletin 
500 |a <strong>Off-Campus Access:</strong> No User ID or Password Required 
500 |a <strong>On-Campus Access:</strong> No User ID or Password Required 
506 |a Electronic access restricted to authorized BRAC University faculty, staff and students 
520 3 |a The Research Summaries in the March 2013 Research Bulletinadiscuss "Trade Finance and Its Role in the Great Trade Collapse" (JaeBin Ahn) and "Sovereign Debt: How to Track Who Is Buying and Selling It" (Serkan Arslanalp and Takahiro Tsuda). The Q and A looks at "Seven Questions on the Implications of Global Supply Chains for Real Effective Exchange Rates" (Rudolfs Bems). Readers can also find in this issue aalisting of recent IMF Working Papers, Staff Discussion Notes, and Recommended Readings from IMF Publications. The Bulletin also includes a call for papers for a research conference and information onafree access to the IMF Economic Review in April. 
538 |a Mode of access: Internet 
830 0 |a IMF Research Bulletin; IMF Research Bulletin ;  |v No. 2013/001 
856 4 0 |z Full text available on IMF  |u http://elibrary.imf.org/view/journals/026/2013/001/026.2013.issue-001-en.xml  |z IMF e-Library